|
|
|
|
| LEADER |
00000nam0a2200000 4500 |
| 001 |
81265 |
| 005 |
20231031095107.0 |
| 020 |
|
|
|a RU
|b 85-17951
|
| 035 |
|
|
|a (RuTPU)RU\TPU\book\87365
|
| 090 |
|
|
|a 81265
|
| 100 |
|
|
|a 20050919d1985 k a0rusy5003 ca
|
| 101 |
0 |
|
|a rus
|
| 102 |
|
|
|a RU
|
| 105 |
|
|
|a a z 001zy
|
| 200 |
1 |
|
|a Структурные уровни деформации твердых тел
|g Сибирское отделение АН СССР; Институт оптики атмосферы; отв. ред. Н. Н. Яненко
|f В. Е. Панин, В. А. Лихачев, Ю. В. Гриняев
|
| 210 |
|
|
|a Новосибирск
|c Наука
|c Сиб. отд-ние
|d 1985
|
| 215 |
|
|
|a 229 с.
|c 12 л. ил.
|d 22 см
|
| 610 |
1 |
|
|a твердые тела
|
| 610 |
1 |
|
|a деформация
|
| 610 |
1 |
|
|a кристаллы
|
| 610 |
1 |
|
|a сплошные среды
|
| 610 |
1 |
|
|a труды учёных ТПУ
|
| 675 |
|
|
|a 539.37
|z rus
|
| 700 |
|
1 |
|a Панин
|b В. Е.
|c специалист в области физики и механики деформируемого твердого тела, физического материаловедения
|c доктор физико-математических наук, профессор Томского политехнического университета
|c зав. кафедрой материаловедения в машиностроении
|c директор Российского материаловедческого центра
|c научный руководитель института физики прочности и материаловедения СО РАН
|f 1930-
|g Виктор Евгеньевич
|2 stltpush
|3 (RuTPU)RU\TPU\pers\12102
|
| 701 |
|
1 |
|a Лихачев
|b В. А.
|g Владимир Александрович
|
| 701 |
|
1 |
|a Гриняев
|b Ю. В.
|g Юрий Васильевич
|
| 702 |
|
1 |
|a Яненко
|b Н. Н.
|4 651
|
| 712 |
0 |
2 |
|a Академия наук СССР (АН СССР)
|b Сибирское отделение (СО)
|b Институт оптики атмосферы (ИОА)
|c (Томск)
|2 stltpush
|3 (RuTPU)RU\TPU\col\11569
|
| 801 |
|
0 |
|a RU
|b RuMRKP
|c 19950704
|g psbo
|
| 801 |
|
1 |
|a RU
|b 63413507
|c 20050919
|g PSBO
|
| 801 |
|
2 |
|a RU
|b 63413507
|c 20101024
|g PSBO
|
| 942 |
|
|
|c BK
|